000 00230nam a22000857a 4500
008 160917b xxu||||| |||| 00| 0 eng d
100 _9638
_aJain.R.K.
245 _aEnglish Communicative-X-II
260 _aNew Delhi
_bAPC Publications
_c2010
999 _c3297
_d3297